| 000 | 00615cam a2200145 4500500 | ||
|---|---|---|---|
| 005 | 20251012005114.0 | ||
| 041 | _afre | ||
| 042 | _adc | ||
| 100 | 1 | 0 |
_aRivet de Sabatier, Philippe _eauthor |
| 245 | 0 | 0 | _aÉtienne de La Vaissière, Asie centrale 300-850. Des routes et des royaumes. Les Belles Lettres, 2024, 648 páginas, 125 ilustraciones en color, 48 mapas realizados por Fabien Tessier, 35 euros. |
| 260 | _c2025. | ||
| 500 | _a50 | ||
| 786 | 0 | _nÉtudes | Juillet-Août | 7-8 | 2025-07-01 | p. 130-130 | |
| 856 | 4 | 1 | _uhttps://shs.cairn.info/revista-etudes-2025-7-8-page-130?lang=es&redirect-ssocas=7080 |
| 999 |
_c1516640 _d1516640 |
||